000 00271nam a22001217a 4500
041 _aENG
100 _aChoe.V
245 _aHandbook of Applied Hydrology
260 _aNew York
_bMcGarw-Hill Book
_c1964
300 _a13-1
650 _aSWCE ( 06 )
856 _uSWCE ( 06 )
999 _c2949
_d2949